عشر روايات خالدة / (Record no. 39756)
[ view plain ]
| 000 -الفاتح | |
|---|---|
| حقل البيانات ثابتة الطول | 00462nam a2200169Ia 4500 |
| 005 - وقت وتاريخ اخر تعامل مع التسجيلة | |
| رقم الضبط | 20240530103456.0 |
| 008 - عناصر البيانات ثابتة الطول - معلومات عامة | |
| حقل البيانات ثابتة الطول | 140319s9999 xx 000 0 ara d |
| 040 ## - مصدر الفهرسة | |
| وكالة الفهرسة الأصلية | GCL / |
| وكالة النسخ | GCL |
| 082 04 - رقم تصنيف ديوى العشرى | |
| رقم التصنيف | 808.83 |
| رقم المادة | م ع |
| 100 1# - المدخل الرئيسى - إسم شخصى | |
| الإسم الشخصى | موم , سومرست |
| 245 10 - بيان العنوان | |
| العنوان | عشر روايات خالدة / |
| بيان المسئوليه,etc | سومرست موم ؛ سيد جاد |
| 650 04 - المدخل الاضافى بالموضوع-مصطلح موضوعى | |
| مصطلح موضوعي | الادب |
| 650 04 - المدخل الاضافى بالموضوع-مصطلح موضوعى | |
| مصطلح موضوعي | الادب - مجموعات |
| 700 1# - المدخل الاضافى - اسم شخصى | |
| الإسم الشخصى | سيد جاد |
| 942 ## - عناصر المدخل الإضافي( كوها) | |
| مصدر التصنيف او مخطط الترفيف | Dewey Decimal Classification |
| Koha [default] item type | كتاب |
| حالة التراجع | حالة الفقد | حالة تلف | ليس للاعارة | المكان المؤقت | الموقع الحالى | تاريخ الاكتساب | اجمالي اﻻعارات | رقم الطلب | الباركود | تاريخ اخر مشاهدة | تاريخ تفعيل السعر | نوع وعاء كوها | مصدر التصنيف او خطة الترفيف |
|---|---|---|---|---|---|---|---|---|---|---|---|---|---|
| مكتبة القاهرة الكبرى | مكتبة القاهرة الكبرى | 03/26/2014 | 808.83\م ع | 97003 | 03/26/2014 | 03/26/2014 | كتاب | ||||||
| مكتبة القاهرة الكبرى | مكتبة القاهرة الكبرى | 07/13/2019 | 808.83\م ع | 166113 | 07/13/2019 | 07/13/2019 | كتاب | ddc | |||||
| مكتبة القاهرة الكبرى | مكتبة القاهرة الكبرى | 07/22/2019 | 808.83\م ع | 166237 | 07/22/2019 | 07/22/2019 | كتاب | ddc |

